000 00872nam a2200205Ii 4500
003 JO-AjNU
008 230605s9999||||xx |||||||||||||| ||und||
040 _aJO-AjNU
_bara
_erda
_cJO-AjNU
041 _aara
050 1 4 _aBP173.759.D45 1999
100 3 _aالدمشقي، أبي الفضل جعفر بن علي ؛ تحقيق وتقديم وتعليق: محمود الأرناؤوط,
_eauthor
_929364
245 0 0 _aالإشارة الى محاسن التجارة وغشوش المدلسين فيها
250 _aط1
264 3 1 _aبيروت: دار صاد للطباعة والنشر، 1999
300 _a109ص
_bيتضمن الفهارس(ص93-104)
336 _atext
_btxt
_2rdacontent
337 _aunmediated
_bn
_2rdamedia
338 _avolume
_bnc
_2rdacarrier
650 4 _aالاسلام والتجارة- الغش والتدليس- فقه اسلامي
_929365
999 _aA11506
_c15074
_d15074